| 000 | 00331nam a2200133Ia 4500 | ||
|---|---|---|---|
| 008 | 230917s9999||||xx |||||||||||||| ||und|| | ||
| 040 |
_e94284 _aMAIN |
||
| 041 | _aEnglish | ||
| 082 | _a657.3 N169A | ||
| 100 | _aNarayan Singh | ||
| 245 | 0 | _aAnalysis of financial statements of Delhi Cables Ltd. | |
| 300 | _a6.11 p. | ||
| 942 | _cTH | ||
| 999 |
_c73326 _d73326 |
||